[Event "CHN-chT Div A KO"]
[Site "Liaocheng"]
[Date "2023.02.09"]
[Round "4.3"]
[White "Guo, Qi"]
[Black "Qiu, Mengjie"]
[Result "1-0"]
[WhiteElo "2392"]
[BlackElo "2186"]
[PlyCount "95"]
[EventDate "2023.02.06"]
[EventType "team-k.o."]
[EventRounds "6"]
[EventCountry "CHN"]
[SourceTitle "CBM 212 Extra"]
[Source "ChessBase"]
[SourceDate "2023.03.31"]
[SourceVersion "1"]
[SourceVersionDate "2023.03.31"]
[SourceQuality "1"]
[WhiteTeam "Jiangsu"]
[BlackTeam "Zhejiang"]
[WhiteTeamCountry "CHN"]
[BlackTeamCountry "CHN"]

1. c4 e6 2. Nc3 d5 3. d4 Nf6 4. cxd5 exd5 5. Bg5 c6 6. e3 Be7 7. Bd3 Nbd7 8. Qc2 0-0 9. Nf3 Re8 10. 0-0 h6 11. Bf4 Bf8 12. h3 g5 13. Bh2 Bg7 14. b4 Qe7 15. b5 c5 16. Bf5 Nb6 17. Be5 Bxf5 18. Qxf5 Qd7 19. Qc2 Rac8 20. dxc5 Rxc5 21. Bd4 Rcc8 22. Qb3 Nc4 23. Rad1 Qe6 24. Bxf6 Qxf6 25. Nxd5 Qb2 26. Rc1 Qxb3 27. axb3 Nd6 28. Rxc8 Nxc8 29. Rd1 Kh7 30. g4 Kg6 31. Kg2 h5 32. Rc1 Nd6 33. Rc7 hxg4 34. hxg4 Bf8 35. Nd4 Re5 36. Nc3 Re7 37. Rc5 Ne4 38. Nxe4 Rxe4 39. Rc8 Bg7 40. Kf3 Re5 41. Rc7 Rd5 42. Ke4 Re5+ 43. Kd3 b6 44. Rxa7 Rd5 45. Rb7 Rd6 46. Rc7 Be5 47. Rc6 Kf6 48. Ke4 1-0

[Event "Xian World Summit (Women)"]
[Site "Xian"]
[Date "2023.01.08"]
[Round "7"]
[White "Guo, Qi"]
[Black "Li, Xueyi"]
[Result "0-1"]
[WhiteElo "2392"]
[BlackElo "2277"]
[PlyCount "94"]
[EventDate "2023.01.07"]
[EventType "tourn (rapid)"]
[EventRounds "11"]
[EventCountry "CHN"]
[EventCategory "7"]
[SourceTitle "CBM 212 Extra"]
[Source "ChessBase"]
[SourceDate "2023.03.31"]
[SourceVersion "1"]
[SourceVersionDate "2023.03.31"]
[SourceQuality "1"]

1. d4 d5 2. c4 c6 3. Nf3 e6 4. Qc2 Nf6 5. Bg5 Nbd7 6. cxd5 exd5 7. Nc3 Be7 8. e3 0-0 9. Bd3 Re8 10. 0-0 Nf8 11. h3 Be6 12. Rab1 Rc8 13. b4 N6d7 14. Bf4 b5 15. a4 a6 16. a5 Nf6 17. Ne5 Bd6 18. Bh2 Qe7 19. Qb2 N6d7 20. Rfe1 Nxe5 21. dxe5 Bb8 22. Ne2 c5 23. bxc5 Qxc5 24. Nd4 Qc3 25. Qxc3 Rxc3 26. Bf1 Rec8 27. f4 Ba7 28. Kf2 Bd7 29. Red1 Ne6 30. Nf5 Kf8 31. Rxd5 Bc6 32. Rd3 Be4 33. Nd6 Bxd3 34. Bxd3 R8c7 35. Rd1 Nc5 36. Bb1 Nb7 37. Nf5 Rc1 38. Rxc1 Rxc1 39. Be4 Nc5 40. Bd5 b4 41. Nd4 Ne6 42. Ne2 Rd1 43. Bc4 Nc5 44. Nd4 Ne4+ 45. Ke2 Nc3+ 46. Kf3 Bxd4 47. exd4 Rxd4 0-1

[Event "Xian World Summit (Women)"]
[Site "Xian"]
[Date "2023.01.08"]
[Round "11"]
[White "Stefanova, Antoaneta"]
[Black "Guo, Qi"]
[Result "1/2-1/2"]
[WhiteElo "2433"]
[BlackElo "2392"]
[PlyCount "115"]
[EventDate "2023.01.07"]
[EventType "tourn (rapid)"]
[EventRounds "11"]
[EventCountry "CHN"]
[EventCategory "7"]
[SourceTitle "CBM 212 Extra"]
[Source "ChessBase"]
[SourceDate "2023.03.31"]
[SourceVersion "1"]
[SourceVersionDate "2023.03.31"]
[SourceQuality "1"]

1. Nf3 d5 2. g3 c5 3. Bg2 Nc6 4. d4 e6 5. 0-0 Nf6 6. b3 cxd4 7. Nxd4 Bc5 8. Bb2 0-0 9. e3 Qe7 10. c4 dxc4 11. Nxc6 bxc6 12. bxc4 Ba6 13. Qa4 Bb7 14. Bxc6 Bxc6 15. Qxc6 Rac8 16. Qf3 Bb4 17. a3 Ba5 18. Rc1 Rfd8 19. a4 Bb4 20. Na3 Rd2 21. Bc3 Rd3 22. Bxf6 gxf6 23. Nc2 Rxc4 24. Nxb4 Rxb4 25. Rc8+ Rd8 26. Rxd8+ Qxd8 27. Rd1 Qe7 28. Qa8+ Kg7 29. a5 Qb7 30. Qxb7 Rxb7 31. Rd6 f5 32. Kg2 Kf6 33. a6 Rc7 34. Kf3 Ke7 35. Rd4 Rc6 36. Rh4 Rxa6 37. Rxh7 Ra2 38. Rh8 a5 39. Ra8 a4 40. h4 Kf6 41. Ra7 Kg6 42. h5+ Kxh5 43. Rxf7 Kg6 44. Ra7 Kf6 45. g4 fxg4+ 46. Kxg4 Rxf2 47. Rxa4 Rb2 48. Kf4 Rf2+ 49. Ke4 Rh2 50. Ra8 Rh4+ 51. Kf3 Kf5 52. Rf8+ Ke5 53. Ra8 Rh3+ 54. Ke2 Kf5 55. Rf8+ Ke5 56. Ra8 Kf5 57. Rf8+ Ke5 58. Ra8 1/2-1/2

[Event "Xian World Summit (Women)"]
[Site "Xian"]
[Date "2023.01.07"]
[Round "6"]
[White "Khotenashvili, Bela"]
[Black "Guo, Qi"]
[Result "1-0"]
[WhiteElo "2485"]
[BlackElo "2392"]
[PlyCount "115"]
[EventDate "2023.01.07"]
[EventType "tourn (rapid)"]
[EventRounds "11"]
[EventCountry "CHN"]
[EventCategory "7"]
[SourceTitle "CBM 212 Extra"]
[Source "ChessBase"]
[SourceDate "2023.03.31"]
[SourceVersion "1"]
[SourceVersionDate "2023.03.31"]
[SourceQuality "1"]

1. Nf3 d5 2. g3 c5 3. Bg2 Nc6 4. c4 d4 5. 0-0 Nf6 6. e3 e5 7. exd4 exd4 8. Re1+ Be7 9. d3 0-0 10. Bf4 Bd6 11. Qd2 Bf5 12. Bxd6 Qxd6 13. Nh4 Bd7 14. Na3 a6 15. Nc2 Rae8 16. a3 a5 17. b3 b6 18. Rxe8 Rxe8 19. Rb1 h6 20. b4 axb4 21. axb4 g5 22. Nf3 Bf5 23. bxc5 bxc5 24. Nxg5 hxg5 25. Qxg5+ Bg6 26. Rb6 Rc8 27. Na3 Qe5 28. Qxe5 Nxe5 29. Rxf6 Bxd3 30. Bd5 Kg7 31. Rd6 Re8 32. h3 Re7 33. f4 Ng6 34. Bf3 Ra7 35. Nb5 Ra1+ 36. Kf2 Ra2+ 37. Ke1 Bxc4 38. Nc7 Ne7 39. g4 Ng6 40. f5 Ne5 41. f6+ Kh6 42. Bd5 Nd3+ 43. Kf1 Ra1+ 44. Kg2 Nf4+ 45. Kg3 Nxd5 46. Nxd5 Bxd5 47. Rxd5 Rc1 48. h4 Kg6 49. Rd6 Rd1 50. Kf4 c4 51. h5+ Kh6 52. Rd8 Kh7 53. g5 c3 54. Rc8 Rd2 55. Rc7 c2 56. g6+ Kh6 57. gxf7 Rf2+ 58. Ke5 1-0

[Event "Xian World Summit (Women)"]
[Site "Xian"]
[Date "2023.01.07"]
[Round "4"]
[White "Mammadzada, Gunay Vuqar Qizi"]
[Black "Guo, Qi"]
[Result "1/2-1/2"]
[WhiteElo "2472"]
[BlackElo "2392"]
[PlyCount "145"]
[EventDate "2023.01.07"]
[EventType "tourn (rapid)"]
[EventRounds "11"]
[EventCountry "CHN"]
[EventCategory "7"]
[SourceTitle "CBM 212 Extra"]
[Source "ChessBase"]
[SourceDate "2023.03.31"]
[SourceVersion "1"]
[SourceVersionDate "2023.03.31"]
[SourceQuality "1"]

1. e4 e6 2. d4 d5 3. Nd2 c5 4. exd5 Qxd5 5. Ngf3 cxd4 6. Bc4 Qd6 7. 0-0 Nf6 8. Nb3 Nc6 9. Nbxd4 Nxd4 10. Nxd4 Be7 11. c3 0-0 12. Qe2 e5 13. Nc2 Bg4 14. f3 Be6 15. Bxe6 Qxe6 16. Be3 Rfd8 17. c4 a5 18. Rfe1 e4 19. Bf2 Rac8 20. b3 Bd6 21. Rad1 exf3 22. Qxf3 Qg4 23. Bb6 Rd7 24. Qxg4 Nxg4 25. h3 Nf6 26. Bxa5 Ra8 27. b4 Bg3 28. Rxd7 Nxd7 29. Rd1 Ne5 30. Ne3 Nc6 31. c5 Nxa5 32. bxa5 g6 33. Nc4 Rc8 34. Rd5 Re8 35. Rd1 Re2 36. Nd6 Rb2 37. Rc1 Bf4 38. Re1 Bg3 39. Rc1 Bf4 40. Re1 Bg3 41. Rf1 f5 42. a4 Kg7 43. Rc1 Kf6 44. Nc4 Rb4 45. Nb6 Kg5 46. Nd5 Rxa4 47. Nc7 Rxa5 48. Ne6+ Kf6 49. Nd8 Bf4 50. Nxb7 Rb5 51. Nd6 Bxc1 52. Nxb5 Be3+ 53. Kf1 Bxc5 54. Ke2 Ke5 55. Kf3 g5 56. g4 f4 57. Nc3 h6 58. Ne4 Be7 59. Nc3 Kd4 60. Nb5+ Kd3 61. Nc7 Kd4 62. Ne6+ Ke5 63. Ng7 Bf8 64. Nf5 h5 65. h4 hxg4+ 66. Kxg4 gxh4 67. Nxh4 Ke4 68. Nf3 Be7 69. Nd2+ Ke3 70. Nc4+ Ke4 71. Nd2+ Ke3 72. Nc4+ Ke4 73. Nd2+ 1/2-1/2

[Event "Yinzhou Cup (Women)"]
[Site "Chess.com INT"]
[Date "2022.12.26"]
[Round "5"]
[White "Guo, Qi"]
[Black "Zhai, Mo"]
[Result "1/2-1/2"]
[WhiteElo "2392"]
[BlackElo "2375"]
[PlyCount "96"]
[EventDate "2022.12.25"]
[EventType "tourn (rapid)"]
[EventRounds "6"]
[EventCountry "CHN"]
[EventCategory "9"]
[SourceTitle "CBM 211 Extra"]
[Source "ChessBase"]
[SourceDate "2023.01.31"]
[SourceVersion "1"]
[SourceVersionDate "2023.01.31"]
[SourceQuality "1"]

1. d4 Nf6 2. c4 e6 3. Nf3 d5 4. Nc3 dxc4 5. e4 Bb4 6. Bg5 h6 7. Bxf6 Qxf6 8. Bxc4 c5 9. 0-0 cxd4 10. Nb5 Qe7 11. Qxd4 0-0 12. Nxa7 Bc5 13. Nxc8 Rxc8 14. Qd3 Rd8 15. Qe2 Nc6 16. Rad1 Rxd1 17. Rxd1 Rd8 18. Rxd8+ Qxd8 19. g3 Nd4 20. Nxd4 Qxd4 21. Kg2 Bd6 22. b3 Be5 23. f4 Bd6 24. Qd3 Qxd3 25. Bxd3 e5 26. Kf3 Kf8 27. Bc4 f6 28. Kg4 g6 29. h4 Bb4 30. h5 gxh5+ 31. Kxh5 Be1 32. Kg4 Ke7 33. a4 b6 34. Kf3 Kd6 35. Bf7 Ke7 36. Bd5 Kd6 37. f5 Kc5 38. Kg4 Bf2 39. Kh5 Bxg3 40. Kxh6 Bh4 41. Kg6 Bg5 42. Kf7 Bh4 43. Ke6 Bg5 44. Kd7 Bd2 45. Kc7 Be1 46. Kd7 Bd2 47. Ke6 Bg5 48. Kd7 Bd2 1/2-1/2

[Event "Yinzhou Cup (Women)"]
[Site "Chess.com INT"]
[Date "2022.12.26"]
[Round "6"]
[White "Ju, Wenjun"]
[Black "Guo, Qi"]
[Result "1/2-1/2"]
[WhiteElo "2555"]
[BlackElo "2392"]
[PlyCount "138"]
[EventDate "2022.12.25"]
[EventType "tourn (rapid)"]
[EventRounds "6"]
[EventCountry "CHN"]
[EventCategory "9"]
[SourceTitle "CBM 211 Extra"]
[Source "ChessBase"]
[SourceDate "2023.01.31"]
[SourceVersion "1"]
[SourceVersionDate "2023.01.31"]
[SourceQuality "1"]

1. d4 d5 2. c4 e6 3. Nc3 Nf6 4. cxd5 exd5 5. Bg5 c6 6. e3 Bf5 7. Qf3 Bg6 8. Bxf6 Qxf6 9. Qxf6 gxf6 10. Nf3 Nd7 11. Nh4 Be7 12. g3 Nb6 13. 0-0-0 a5 14. Bd3 a4 15. a3 Kd7 16. f3 Kc7 17. e4 Rhd8 18. Bc2 Bf8 19. Rhe1 dxe4 20. Bxe4 Ra5 21. Kb1 Kb8 22. Bc2 Nd5 23. Nxd5 Raxd5 24. Nxg6 hxg6 25. Bxa4 f5 26. Bb3 R5d7 27. d5 c5 28. a4 b6 29. Bc4 Kc7 30. Kc2 Re7 31. Rxe7+ Bxe7 32. Re1 Bd6 33. f4 Rh8 34. Re2 Ra8 35. Bb5 Rf8 36. Re8 f6 37. h4 Rxe8 38. Bxe8 g5 39. h5 gxf4 40. h6 fxg3 41. h7 g2 42. h8Q g1Q 43. Qh7+ Kb8 44. Bc6 Qf2+ 45. Kb3 Qe3+ 46. Ka2 Qe7 47. Qxf5 Qe5 48. Qh7 Qe7 49. Qd3 Be5 50. Qb3 Ka7 51. Qh3 Qc7 52. Qh8 Qb8 53. Qg7+ Qc7 54. Qf8 Qb8 55. Qe7+ Qc7 56. Qe6 Qd6 57. Qg4 Qc7 58. Qe4 Qd6 59. Qc4 Qc7 60. Qg4 Qd6 61. Qf5 Qc7 62. Kb3 Qb8 63. Qe6 Qd6 64. Kc4 Qc7 65. b3 Qd6 66. Kb5 Qc7 67. Kc4 Qd6 68. Be8 Kb7 69. Bc6+ Ka7 1/2-1/2

[Event "Yinzhou Cup (Women)"]
[Site "Chess.com INT"]
[Date "2022.12.25"]
[Round "2"]
[White "Zhai, Mo"]
[Black "Guo, Qi"]
[Result "1/2-1/2"]
[WhiteElo "2375"]
[BlackElo "2392"]
[PlyCount "41"]
[EventDate "2022.12.25"]
[EventType "tourn (rapid)"]
[EventRounds "6"]
[EventCountry "CHN"]
[EventCategory "9"]
[SourceTitle "CBM 211 Extra"]
[Source "ChessBase"]
[SourceDate "2023.01.31"]
[SourceVersion "1"]
[SourceVersionDate "2023.01.31"]
[SourceQuality "1"]

1. d4 d5 2. c4 e6 3. Nf3 Nf6 4. Nc3 Be7 5. Bf4 0-0 6. e3 b6 7. cxd5 Nxd5 8. Nxd5 Qxd5 9. a3 Ba6 10. Bxa6 Nxa6 11. 0-0 Bd6 12. Bxd6 cxd6 13. Rc1 Rfc8 14. Qd3 b5 15. Rc3 Rxc3 16. Qxc3 Qc4 17. Qa5 Nc7 18. Qd2 Nd5 19. Rc1 Qb3 20. h3 h6 21. Qc2 1/2-1/2